Apuntes acerca de la potestad disciplinaria de la administración y el procedimiento sumarial (Registro nro. 33345)
[ vista simple ]
| 000 -LEADER | |
|---|---|
| fixed length control field | 00394 a2200109 4500 |
| 001 - CONTROL NUMBER | |
| control field | ART_41867 |
| 005 - DATE AND TIME OF LATEST TRANSACTION | |
| control field | 20260410162023.0 |
| 008 - FIXED-LENGTH DATA ELEMENTS--GENERAL INFORMATION | |
| fixed length control field | 260409a |
| 100 1# - MAIN ENTRY--PERSONAL NAME | |
| Personal name | Ivanega, Miriam Mabel |
| 245 10 - TITLE STATEMENT | |
| Title | Apuntes acerca de la potestad disciplinaria de la administración y el procedimiento sumarial |
| 773 0# - HOST ITEM ENTRY | |
| Title | Jurisprudencia Argentina |
| Related parts | Derecho administrativo (mayo 2006) |
| Record control number | REV41622 |
No hay ítems disponibles.